A world of profit / (Record no. 130161)

MARC details
000 -LEADER
fixed length control field 00584nam a22002297a 4500
005 - DATE AND TIME OF LATEST TRANSACTION
control field 20170124110108.0
010 ## - LIBRARY OF CONGRESS CONTROL NUMBER
LC control number 578878
020 ## - INTERNATIONAL STANDARD BOOK NUMBER
Terms of availability 00.00
035 ## - SYSTEM CONTROL NUMBER
System control number 578878
037 ## - SOURCE OF ACQUISITION
Source of stock number/acquisition Cen Lib/Ret
040 ## - CATALOGING SOURCE
Original cataloging agency DPL
Language of cataloging EN
082 ## - DEWEY DECIMAL CLASSIFICATION NUMBER
Classification number N
Item number AUC
100 ## - MAIN ENTRY--PERSONAL NAME
Personal name Auchincloss, Louis
9 (RLIN) 28473
245 ## - TITLE STATEMENT
Title A world of profit /
Statement of responsibility, etc by Louis Auchincloss
260 ## - PUBLICATION, DISTRIBUTION, ETC. (IMPRINT)
Place of publication, distribution, etc London
Name of publisher, distributor, etc Victor Gollancz
Date of publication, distribution, etc 1969
270 ## - ADDRESS
Address London
City London
300 ## - PHYSICAL DESCRIPTION
Extent 265p.
Dimensions 20cm(Hb)
650 ## - SUBJECT ADDED ENTRY--TOPICAL TERM
Topical term or geographic name as entry element Upper class
9 (RLIN) 28474
650 ## - SUBJECT ADDED ENTRY--TOPICAL TERM
Topical term or geographic name as entry element New York (State)--New York
9 (RLIN) 28475
700 ## - ADDED ENTRY--PERSONAL NAME
9 (RLIN) 28179
942 ## - ADDED ENTRY ELEMENTS (KOHA)
Source of classification or shelving scheme Dewey Decimal Classification
Koha item type English Books
Classification part N
Call number suffix AUC
Holdings
Withdrawn status Lost status Damaged status Not for loan Home library Current library Date acquired Source of acquisition Cost, normal purchase price Total Checkouts Full call number Barcode Date last seen Copy number Cost, replacement price Price effective from Koha item type Public note
Written off       Central Library Central Library 08/07/2015 Cen Lib/Ret 0.00   N AUC 578878 08/07/2015 1 0.00 08/07/2015 English Books W/d List No. 6864/2 ; dtd 08/08/2020

© Delhi Public Library
Hit Counter
free hit counter